000 00702nam a2200289Ia 4500
005 20260324120506.0
008 008 260324s9999 xx 000 0 eng d
020 _a9781315555768
037 _aEBOOK
040 _aCRL
040 _beng
040 _cCRL
041 _2eng
041 _aeng
084 _qCRL
100 _aChristopher L. Scott
_91158788
245 4 _aThe Maligned Militia
245 4 _bThe West Country Militia of the Monmouth Rebellion, 1685
260 _bTaylor and Francis
260 _c2015
365 _a
365 _b255
856 _uhttp://www.taylorfrancis.com/books/9781315555768
942 _cEBOOK
999 _c1750347
_d1750347